| 000 | 00407nam a2200133Ia 4500 | ||
|---|---|---|---|
| 008 | 220916s9999 xx 000 0 und d | ||
| 020 | _a978-1-4160-4574-8 | ||
| 245 | 0 | _a1 SUPPLEMRNT THE UNITED STATES PHARMOCOPEIA THE NATIONAL RORMULARY, USP 36 NF 31 | |
| 250 | _a31ST | ||
| 260 |
_bUNITED STATES PHARMACOPEIAL CONVENTION, ROCKVILLE _c2013 |
||
| 300 | _a6068 | ||
| 650 | _aRegulatory Affairs | ||
| 942 | _cBK | ||
| 999 |
_c86898 _d86898 |
||